| 000 -LEADER |
| fixed length control field |
00543nam a22001817a 4500 |
| 005 - DATE AND TIME OF LATEST TRANSACTION |
| control field |
20231206164829.0 |
| 008 - FIXED-LENGTH DATA ELEMENTS--GENERAL INFORMATION |
| fixed length control field |
231206s1973 enk||||| |||| 00| 0 eng d |
| 041 ## - LANGUAGE CODE |
| Language code of text/sound track or separate title |
eng |
| 080 ## - UNIVERSAL DECIMAL CLASSIFICATION NUMBER |
| Universal Decimal Classification number |
930.85 M-17 |
| 100 ## - MAIN ENTRY--PERSONAL NAME |
| Personal name |
Magi, Giovanna |
| 9 (RLIN) |
20606 |
| 245 ## - TITLE STATEMENT |
| Title |
All Pompeii : |
| Remainder of title |
The City Rediscovered / |
| Statement of responsibility, etc. |
Giovanna Magi. |
| 264 ## - PRODUCTION, PUBLICATION, DISTRIBUTION, MANUFACTURE, AND COPYRIGHT NOTICE |
| Place of production, publication, distribution, manufacture |
Napoli, |
| Date of production, publication, distribution, manufacture, or copyright notice |
1973. |
| 300 ## - PHYSICAL DESCRIPTION |
| Extent |
64 p. : |
| Other physical details |
ill.; |
| Dimensions |
25 cm. |
| 653 ## - INDEX TERM--UNCONTROLLED |
| keyword |
ქალაქი პომპეი |
| 653 ## - INDEX TERM--UNCONTROLLED |
| keyword |
ისტორია |
| 653 ## - INDEX TERM--UNCONTROLLED |
| keyword |
არქეოლოგია |
| 942 ## - ADDED ENTRY ELEMENTS (KOHA) |
| Source of classification or shelving scheme |
|
| Koha item type |
წიგნი |